Loading...
| Current Events | 3 | 13.33 | 100% | 33% | 0% |
| Fine Arts - Classical Music | 6 | 16.67 | 100% | 67% | 0% |
| Fine Arts - Other | 6 | 8.33 | 83% | 0% | 0% |
| Fine Arts - Painting & Sculpture | 7 | 5.71 | 57% | 0% | 0% |
| Geography | 5 | 10.00 | 80% | 20% | 0% |
| History - American | 7 | 7.14 | 57% | 14% | 0% |
| History - European | 8 | 6.25 | 63% | 0% | 0% |
| History - Other | 5 | 10.00 | 100% | 0% | 0% |
| History - World | 3 | 3.33 | 33% | 0% | 0% |
| Literature - American | 5 | 10.00 | 60% | 40% | 0% |
| Literature - British | 5 | 8.00 | 60% | 20% | 0% |
| Literature - European | 4 | 5.00 | 50% | 0% | 0% |
| Literature - World | 8 | 10.00 | 75% | 25% | 0% |
| Mythology | 3 | 10.00 | 100% | 0% | 0% |
| Other Academic | 3 | 13.33 | 100% | 33% | 0% |
| Philosophy | 10 | 5.00 | 50% | 0% | 0% |
| Religion | 9 | 5.56 | 56% | 0% | 0% |
| Science - Biology | 4 | 17.50 | 100% | 75% | 0% |
| Science - Chemistry | 4 | 17.50 | 100% | 50% | 25% |
| Science - Other | 7 | 11.43 | 71% | 43% | 0% |
| Science - Physics | 6 | 18.33 | 100% | 83% | 0% |
| Social Science | 6 | 10.00 | 83% | 17% | 0% |